| 000 | 00563nam a2200217 a 4500 | ||
|---|---|---|---|
| 001 | BRCA_6648 | ||
| 005 | 20190320205536.0 | ||
| 008 | 111011s19111912gw-ab#####---#000-0#ger-# | ||
| 041 | _ager | ||
| 044 | _agw | ||
| 050 | 4 |
_aDQ24 _b.S39 1911 |
|
| 245 | 1 | 0 | _aDie Schweiz |
| 260 |
_aBerlín _bAlbert Goldschmidt _c1911,1912 |
||
| 300 |
_a193 p. _bil., mapas _c18 cm. |
||
| 440 | 0 |
_aGriebens Reiseführer _v24 _916648 |
|
| 500 | _aIncluye índice alfabético | ||
| 500 | _aL151 | ||
| 651 | 4 |
_aSuiza _xDescripción y viajes _914887 |
|
| 902 | _aGFM | ||
| 942 |
_2lcc _cB |
||
| 999 |
_c6332 _d6332 |
||